000 00638nam a2200277Ia 4500
005 20260324141459.0
008 008 260324s9999 xx 000 0 eng d
020 _a9780429332906
037 _aEBOOK
040 _aCRL
040 _beng
040 _cCRL
041 _2eng
041 _aeng
084 _qCRL
100 _aAllan F.M. Barton
_91208352
245 0 _aStates of Matter, States of Mind
260 _bTaylor and Francis
260 _c1997
365 _a
365 _b315
856 _uhttp://www.taylorfrancis.com/books/9780429332906
942 _cEBOOK
999 _c1811491
_d1811491